000 00629nam a2200181Ia 4500
008 090711s9999 xx 000 0 und d
082 _b1167
100 _aगाला धीरेन
245 _aलोहSाुंबक िSाकित्सा
260 _bनवनीत प्रकाशन
_c1999
300 _a121
600 _aगाला धीरेन
630 _aलोहSाुंबक िSाकित्सा
700 _aगाला धीरेन
700 _aजोशी कुमुद जोशी
730 _aलोहSाुंबक िSाकित्सा
942 _cBOOK
999 _c336134
_d336134